A bordo de tu curiosidad : (Record no. 196323)

MARC details
000 -LEADER
campo de control de longitud fija 02680nam a2200445 i 4500
001 - NÚMERO DE CONTROL
campo de control 196323
003 - IDENTIFICADOR DE NÚMERO DE CONTROL
campo de control ES-GrU
005 - FECHA Y HORA DE LA ÚLTIMA TRANSACCIÓN
campo de control 20250915180945.0
007 - CAMPO FIJO DE DESCRIPCIÓN FÍSICA--INFORMACIÓN GENERAL
campo de control de longitud fija ta
008 - DATOS DE LONGITUD FIJA--INFORMACIÓN GENERAL
campo de control de longitud fija 240910s2024 sp aa r 001 0 spa d
017 ## - NÚMERO DE COPYRIGHT O DE DEPÓSITO LEGAL
Número de copyright o de depósito legal B 5065-2024
Agencia que asigna Oficina Depósito Legal Barcelona
020 ## - NÚMERO INTERNACIONAL ESTÁNDAR DEL LIBRO
Número Internacional Estándar del Libro 9788491996484
035 ## - NÚMERO DE CONTROL DEL SISTEMA
Número de control de sistema (OCoLC)1434159915
040 ## - FUENTE DE CATALOGACIÓN
Centro catalogador/agencia de origen BUS
Centro/agencia modificador UGR
Normas de descripción rda
Lengua de catalogación spa
Centro/agencia transcriptor ES-MaACL
080 ## - NÚMERO DE LA CLASIFICACIÓN DECIMAL UNIVERSAL
Número de la Clasificación Decimal Universal 001.92
080 ## - NÚMERO DE LA CLASIFICACIÓN DECIMAL UNIVERSAL
Número de la Clasificación Decimal Universal 5/6
080 ## - NÚMERO DE LA CLASIFICACIÓN DECIMAL UNIVERSAL
Número de la Clasificación Decimal Universal 001.92
100 ## - ENTRADA PRINCIPAL--NOMBRE DE PERSONA
Nombre de persona Briones, Carlos,
Fechas asociadas al nombre 1969-
9 (RLIN) 238690
Término indicativo de función/relación Autor
245 10 - MENCIÓN DEL TÍTULO
Título A bordo de tu curiosidad :
Resto del título un viaje por las preguntas y retos de la ciencia actual /
Mención de responsabilidad, etc. Carlos Briones ; prólogo de Javier Santaolalla ; ilustraciones de Kim Amate
250 ## - MENCION DE EDICION
Mención de edición Primera edición: mayo de 2024
264 #1 - PRODUCCIÓN, PUBLICACIÓN, DISTRIBUCIÓN, FABRICACIÓN Y COPYRIGHT
Producción, publicación, distribución, fabricación y copyright Barcelona :
Nombre del de productor, editor, distribuidor, fabricante Critica,
Fecha de producción, publicación, distribución, fabricación o copyright 2024
264 #4 - PRODUCCIÓN, PUBLICACIÓN, DISTRIBUCIÓN, FABRICACIÓN Y COPYRIGHT
Fecha de producción, publicación, distribución, fabricación o copyright ©2024
300 ## - DESCRIPCIÓN FÍSICA
Extensión 332 páginas :
Otras características físicas ilustraciones (color) ;
Dimensiones 23 cm.
336 ## - TIPO DE CONTENIDO
Término de tipo de contenido texto
Código de tipo de contenido txt
Fuente rdacontent
337 ## - TIPO DE MEDIO
Nombre/término del tipo de medio sin mediación
Código del tipo de medio n
Fuente rdamedia
338 ## - TIPO DE SOPORTE
Nombre/término del tipo de soporte volumen
Código del tipo de soporte nc
Fuente rdacarrier
520 ## - RESUMEN, ETC.
Sumario, etc. ¿Cuál fue el origen de todo? ¿Podemos viajar en el tiempo? ¿Que es la vida? ¿Podría haber otras vidas en el Universo? Estas son algunas de las preguntas que el científico Carlos Briones nos propone en su nuevo libro, un apasionante viaje a traves de los principales retos que la ciencia actual tiene planteados. A lo largo de 52 breves y sugerentes capítulos, uno por cada semana del año, repasa diferentes campos científicos, tecnológicos y sociales, sin olvidar temas de gran actualidad como la inteligencia artificial, la crisis climática, las pandemias, o el auge de las pseudociencias y los bulos. Reivindica la importancia del espíritu crítico y la curiosidad, y lo hace con una insuperable de combinación de rigor científico, frescura y calidad literaria. En sus propias palabras: "creo que este libro puede gustarte tengas la edad que tengas: seas un boomer, pertenezcas a la Generación X, a la Y de los millennials o a la Z. En breve, tambien si eres de la Alfa".
650 #7 - PUNTO DE ACCESO ADICIONAL DE MATERIA--TÉRMINO DE MATERIA
Término de materia o nombre geográfico como elemento de entrada Ciencia
Fuente del encabezamiento o término embne
9 (RLIN) 10929
650 #7 - PUNTO DE ACCESO ADICIONAL DE MATERIA--TÉRMINO DE MATERIA
Término de materia o nombre geográfico como elemento de entrada Filosofía
Fuente del encabezamiento o término embne
9 (RLIN) 12802
650 #4 - PUNTO DE ACCESO ADICIONAL DE MATERIA--TÉRMINO DE MATERIA
Término de materia o nombre geográfico como elemento de entrada Ciencia-
Subdivisión de forma Obras de divulgación
9 (RLIN) 10959
700 1# - ENTRADA AGREGADA--NOMBRE PERSONAL
Nombre de persona Santaolalla, Javier,
9 (RLIN) 238692
Término indicativo de función/relación Autor de introducción
700 1# - ENTRADA AGREGADA--NOMBRE PERSONAL
Nombre de persona Amate, Kim,
Fechas asociadas al nombre 1974-
9 (RLIN) 238693
Término indicativo de función/relación Ilustrador
852 ## - LOCALIZACIÓN
Ubicación ES-MaACL
Ubicación en estantería Depósito J
Número de control de estantería N-10133
Anotaciones manuscritas Dedicatoria autógrafa del autor
Donativo/Legado Donación: Carlos Briones
Encuadernación Encuadernación cartoné
itemnumber 206266
903 ## - NOMBRE PERSONAL DE DONANTE
9 238690
a Briones, Carlos,
d 1969-
e Donante
942 ## - ELEMENTOS DE ENTRADA SECUNDARIOS (KOHA)
Tipo de ítem Koha Libro impreso
Suprimir en OPAC No
Holdings
Estatus retirado Estado de pérdida Fuente del sistema de clasificación o colocación Estado de daño No para préstamo Colección Biblioteca de origen Biblioteca actual Ubicación en estantería Fecha de adquisición Fuente de adquisición Total de préstamos Signatura topográfica completa Código de barras Visto por última vez Precio de reemplazo Tipo de ítem Koha
    Clasificación decimal universal     Libros con dedicatorias Biblioteca del Ateneo de Madrid Biblioteca del Ateneo de Madrid Depósito J 19/07/2025 Donación   N-10133 2025-0651 19/07/2025 19/07/2025 Libro impreso